[Event "UKR-chT final B 16th"]
[Site "Alushta"]
[Date "2009.05.27"]
[Round "2"]
[White "Khachatryan, Vahag H"]
[Black "Gusev, Dmitriy"]
[Result "1-0"]
[WhiteElo "2163"]
[BlackElo "2062"]
[PlyCount "99"]
[EventDate "2009.05.26"]
[EventType "team-k.o."]
[EventRounds "3"]
[EventCountry "UKR"]
[SourceTitle "EXT 2019"]
[Source "ChessBase"]
[SourceDate "2018.10.10"]
[SourceVersion "1"]
[SourceVersionDate "2018.10.10"]
[SourceQuality "1"]
[WhiteTeam "Cherkasy Etiud"]
[BlackTeam "Pavlograd Tura"]
[WhiteTeamCountry "UKR"]
[BlackTeamCountry "UKR"]

1. d4 Nf6 2. c4 g6 3. Nc3 Bg7 4. e4 d6 5. h3 0-0 6. Nf3 e5 7. d5 a5 8. Be3 Na6 9. g4 b6 10. Nd2 Nc5 11. Be2 Bd7 12. h4 Qc8 13. Rg1 c6 14. g5 Nh5 15. Bxc5 bxc5 16. Bxh5 gxh5 17. Qxh5 Rb8 18. Rb1 Kh8 19. Qe2 f5 20. exf5 Bxf5 21. Nde4 Bxe4 22. Nxe4 cxd5 23. cxd5 Qf5 24. a3 Rb3 25. Rg3 Rfb8 26. Rxb3 Rxb3 27. Kd2 Bf8 28. Kc2 a4 29. Rg1 Rf3 30. Rg3 Rf4 31. f3 Rxh4 32. Qg2 Kg7 33. Rg4 Rh5 34. Kc3 Rh2 35. Qxh2 Qxf3+ 36. Kc2 Qxg4 37. Qh6+ Kf7 38. Qxh7+ Bg7 39. Nxd6+ Ke7 40. Nf5+ Kd8 41. Qg8+ Kc7 42. Qxg7+ Kb6 43. Qf6+ Ka5 44. Qd8+ Ka6 45. Qa8+ Kb6 46. Qc6+ Ka7 47. Qxc5+ Ka6 48. Qd6+ Ka7 49. Qxe5 Qg2+ 50. Kc3 1-0

[Event "UKR-chT 15th"]
[Site "Alushta"]
[Date "2008.05.21"]
[Round "1.2"]
[White "Nosenko, Alexander"]
[Black "Gusev, Dmitriy"]
[Result "1-0"]
[WhiteElo "2496"]
[BlackElo "2103"]
[PlyCount "55"]
[EventDate "2008.05.21"]
[EventType "team-tourn"]
[EventRounds "9"]
[EventCountry "UKR"]
[SourceTitle "EXT 2019"]
[Source "ChessBase"]
[SourceDate "2018.10.10"]
[SourceVersion "1"]
[SourceVersionDate "2018.10.10"]
[SourceQuality "1"]
[WhiteTeam "Rivne Bisons"]
[BlackTeam "Simferopol Crimea"]
[WhiteTeamCountry "UKR"]
[BlackTeamCountry "UKR"]

1. d4 Nf6 2. Nf3 g6 3. Bf4 Bg7 4. e3 0-0 5. h3 d6 6. Be2 b6 7. 0-0 Nbd7 8. a4 Re8 9. c3 Ne4 10. a5 Bb7 11. a6 Bc8 12. Bb5 Rb8 13. Qc2 Nef6 14. Rd1 Rf8 15. c4 c5 16. Nc3 Ne8 17. Qa4 Nc7 18. b4 h6 19. Rab1 g5 20. Bh2 f5 21. bxc5 bxc5 22. Qa2 Kh8 23. Qa3 g4 24. hxg4 fxg4 25. Nh4 Kg8 26. Ng6 Rf6 27. Nf4 Qf8 28. Ne4 1-0